|
|
|
|
| LEADER |
00949nab a2200289 i 4500 |
| 001 |
publ2522 |
| 005 |
20180717125045.0 |
| 008 |
130219s2012 hu o 0|| zxx d |
| 022 |
|
|
|a 0300-9564
|
| 024 |
7 |
|
|a 10.1007/s00702-011-0692-8
|2 doi
|
| 024 |
7 |
|
|a 1847927
|2 mtmt
|
| 040 |
|
|
|a SZTE Publicatio Repozitórium
|b hun
|
| 041 |
|
|
|a zxx
|
| 100 |
1 |
|
|a Gellért Levente
|
| 245 |
1 |
0 |
|a Behavioural studies with a newly developed neuroprotective KYNA-amide
|h [elektronikus dokumentum] /
|c Gellért Levente
|
| 260 |
|
|
|c 2012
|
| 300 |
|
|
|a 165-172
|
| 490 |
0 |
|
|a Journal of Neural Transmission
|v 119 No. 2
|
| 700 |
0 |
1 |
|a Varga Dániel
|e aut
|
| 700 |
0 |
1 |
|a Ruszka Marian
|e aut
|
| 700 |
0 |
1 |
|a Toldi József
|e aut
|
| 700 |
0 |
1 |
|a Farkas Tamás
|e aut
|
| 700 |
0 |
1 |
|a Szatmári István
|e aut
|
| 700 |
0 |
1 |
|a Fülöp Ferenc
|e aut
|
| 700 |
0 |
1 |
|a Vécsei László
|e aut
|
| 700 |
0 |
1 |
|a Kis Zsolt
|e aut
|
| 856 |
4 |
0 |
|u http://publicatio.bibl.u-szeged.hu/2522/1/1847927.pdf
|z Dokumentum-elérés
|